| 000 | 00572nam a22001817a 4500 | ||
|---|---|---|---|
| 999 |
_c17440 _d17440 |
||
| 003 | AR-CdUCM | ||
| 008 | 190508b ||||| |||| 00| 0 spa d | ||
| 040 |
_aMUNICIPALIDAD PROVINCIAL DEL CUSCO _cBIBLIOTECA MUNICIPAL DEL CUSCO |
||
| 082 |
_a348.41 / _bP58 |
||
| 100 |
_aPimentel Benites. Elio. _937458 |
||
| 245 | _aConcordancias a la ley de reforma agraria del Perú N° 15037 de 21 de mayo de 1964 / / | ||
| 260 | _aPerú : | ||
| 300 |
_a332 páginas ; _c22 cm. |
||
| 500 | _aLeyes. | ||
| 650 |
_aAgraria. _921115 |
||
| 942 |
_2ddc _cLIBROS |
||
| 945 |
_arum _d2019-05-08 |
||